| 000 | 00410nam a2200145 4500 | ||
|---|---|---|---|
| 999 |
_c512061 _d512061 |
||
| 008 | 191029b ||||| |||| 00| 0 eng d | ||
| 100 |
_aVombatkere, Sudhir _912779 |
||
| 245 | _aSardar Sarovar Dam and unity in India | ||
| 260 | _bMainstream | ||
| 300 | _a57(40), 21 Sep, 2019: p.28-30. | ||
| 650 |
_aSardar Sarovar Dam - India _912780 |
||
| 773 | _aMainstream | ||
| 906 | _aDams - India | ||
| 942 |
_2ddc _cAR |
||